00737nam a22002057a 4500003000500000005001700005008004100022010001000063011001000073035001000083040000900093100003700102245013800139260003900277300002000316502009100336650004100427650003600468650002700504CHAP20220329134953.0971013s1983 r 00010 d a28851 a29823 a33934 cCHAP00aLeal Rodríguez, Oscar Gerardo. aSustitución de la proteína de soya por la de un subproducto de chicharrón de cerdo en la alimentación de cerdos en desarrollo aMonterrey, N.L. :bEl autor,c1983 a43 h.b: tablas aTesis (Ing. Agr. Administrador) -- ITESM. Div. de Ciencias Agropecuarias y Marítimas14aAlimentos y alimentacion del ganado.14aGanado porcinoxAlimentación.14aSoyaxValor nutritivo.